[Event "CZE-chT rap"]
[Site "Pardubice"]
[Date "2017.07.16"]
[Round "7.3"]
[White "Vlasak, Lukas"]
[Black "Kratochvil, Milan"]
[Result "1-0"]
[WhiteElo "2352"]
[BlackElo "2220"]
[PlyCount "69"]
[EventDate "2017.07.13"]
[EventType "team-swiss"]
[EventRounds "7"]
[EventCountry "CZE"]
[SourceTitle "EXT 2018"]
[Source "ChessBase"]
[SourceDate "2017.10.13"]
[SourceVersion "1"]
[SourceVersionDate "2017.10.13"]
[SourceQuality "1"]
[WhiteTeam "Turnov Zikuda"]
[BlackTeam "Brno Lokomotiva"]
[WhiteTeamCountry "CZE"]
[BlackTeamCountry "CZE"]

1. c4 Nf6 2. g3 c6 3. Bg2 e5 4. d4 exd4 5. Qxd4 d5 6. Nc3 dxc4 7. Qxc4 Be6 8. Qa4 Nbd7 9. Nf3 Nb6 10. Qc2 Nbd5 11. Nxd5 Bxd5 12. 0-0 Be4 13. Qa4 Bc5 14. Bg5 Qe7 15. Rac1 Bb6 16. Bxf6 gxf6 17. Rfd1 Rd8 18. e3 Bxf3 19. Bxf3 Qe5 20. Rxd8+ Kxd8 21. Qg4 Ke7 22. Rd1 Rd8 23. Rxd8 Kxd8 24. Qg8+ Ke7 25. Qc8 Qc7 26. Bg4 Ba5 27. Qf5 Be1 28. Kf1 Qa5 29. Qd7+ Kf8 30. Qxb7 Qd2 31. Be2 Qc1 32. Qxa7 Bc3+ 33. Kg2 Bxb2 34. Bh5 Ke8 35. a4 1-0

[Event "CZE-chT2E 1617"]
[Site "Czech Republic"]
[Date "2016.10.23"]
[Round "2.2"]
[White "Gasa, Patrik"]
[Black "Kratochvil, Milan"]
[Result "1/2-1/2"]
[WhiteElo "2133"]
[BlackElo "2216"]
[PlyCount "30"]
[EventDate "2016.09.10"]
[EventType "team-tourn"]
[EventRounds "11"]
[EventCountry "CZE"]
[SourceTitle "EXT 2022"]
[Source "ChessBase"]
[SourceDate "2021.10.06"]
[SourceVersion "1"]
[SourceVersionDate "2021.10.06"]
[SourceQuality "1"]
[WhiteTeam "Prusanky Podluzan"]
[BlackTeam "Brno Lokomotiva II"]
[WhiteTeamCountry "CZE"]
[BlackTeamCountry "CZE"]

1. d4 Nf6 2. Nf3 d5 3. c4 e6 4. e3 c5 5. Nc3 cxd4 6. exd4 dxc4 7. Bxc4 Nc6 8. 0-0 Be7 9. h3 0-0 10. Be3 b6 11. a3 Bb7 12. b4 Rc8 13. Qe2 Qc7 14. Bd3 Rfd8 15. Rac1 Qd7 1/2-1/2

[Event "CZE-chT2E 1516"]
[Site "Czech Republic"]
[Date "2016.04.17"]
[Round "11.4"]
[White "Mlynek, Petr"]
[Black "Kratochvil, Milan"]
[Result "1/2-1/2"]
[WhiteElo "2125"]
[BlackElo "2205"]
[PlyCount "26"]
[EventDate "2015.10.18"]
[EventType "team-tourn"]
[EventRounds "11"]
[EventCountry "CZE"]
[SourceTitle "EXT 2022"]
[Source "ChessBase"]
[SourceDate "2021.10.06"]
[SourceVersion "1"]
[SourceVersionDate "2021.10.06"]
[SourceQuality "1"]
[WhiteTeam "Brno Duras II"]
[BlackTeam "Brno Lokomotiva II"]
[WhiteTeamCountry "CZE"]
[BlackTeamCountry "CZE"]

1. d4 Nf6 2. c4 e6 3. g3 d5 4. Nf3 c5 5. cxd5 Nxd5 6. Bg2 Nc6 7. 0-0 Be7 8. Nc3 cxd4 9. Nxd4 Nxc3 10. bxc3 Bd7 11. Nxc6 Bxc6 12. Bxc6+ bxc6 13. Qa4 Qc7 1/2-1/2

[Event "CZE-chT2E 1415"]
[Site "Czech Republic"]
[Date "2015.04.19"]
[Round "11.5"]
[White "Kratochvil, Milan"]
[Black "Kubat, Pavel"]
[Result "1/2-1/2"]
[WhiteElo "2200"]
[BlackElo "1945"]
[PlyCount "77"]
[EventDate "2014.11.02"]
[EventType "team-tourn"]
[EventRounds "11"]
[EventCountry "CZE"]
[SourceTitle "EXT 2022"]
[Source "ChessBase"]
[SourceDate "2021.10.06"]
[SourceVersion "1"]
[SourceVersionDate "2021.10.06"]
[SourceQuality "1"]
[WhiteTeam "Brno Lokomotiva II"]
[BlackTeam "Orechov"]
[WhiteTeamCountry "CZE"]
[BlackTeamCountry "CZE"]

1. e4 d6 2. d4 Nf6 3. Nc3 Nbd7 4. f4 e5 5. Nf3 exd4 6. Qxd4 Nc5 7. Bc4 Be6 8. b4 Bxc4 9. Qxc4 Ncxe4 10. Nxe4 Qe7 11. 0-0 Nxe4 12. Re1 f5 13. Qd5 Qf6 14. Qxb7 Qxa1 15. Qxa8+ Kd7 16. Qd5 Qf6 17. Nd4 g6 18. Bb2 Bg7 19. Qc6+ Kd8 20. Qb5 Qf7 21. Nc6+ Kc8 22. Nxa7+ Kd8 23. Nc6+ Kc8 24. Bxg7 Qxg7 25. Qc4 Qc3 26. Qxc3 Nxc3 27. Re3 Nxa2 28. b5 Kb7 29. Ra3 Ra8 30. Rh3 Nc1 31. Kf2 Re8 32. Re3 Rxe3 33. Kxe3 Kb6 34. Nd4 Na2 35. Ne6 Nc3 36. Nf8 Ne4 37. Kf3 Nf6 38. Ne6 Kxb5 39. Nxc7+ 1/2-1/2

[Event "CZE-chT2E 1415"]
[Site "Czech Republic"]
[Date "2015.02.08"]
[Round "7.5"]
[White "Sojka, Ales"]
[Black "Kratochvil, Milan"]
[Result "0-1"]
[WhiteElo "2124"]
[BlackElo "2200"]
[PlyCount "54"]
[EventDate "2014.11.02"]
[EventType "team-tourn"]
[EventRounds "11"]
[EventCountry "CZE"]
[SourceTitle "EXT 2022"]
[Source "ChessBase"]
[SourceDate "2021.10.06"]
[SourceVersion "1"]
[SourceVersionDate "2021.10.06"]
[SourceQuality "1"]
[WhiteTeam "Kromeriz Slavia II"]
[BlackTeam "Brno Lokomotiva II"]
[WhiteTeamCountry "CZE"]
[BlackTeamCountry "CZE"]

1. e4 e5 2. Nf3 Nf6 3. Nxe5 d6 4. Nf3 Nxe4 5. Nc3 Nxc3 6. dxc3 Nc6 7. Bf4 Be6 8. Qd2 Be7 9. 0-0-0 Bxa2 10. b3 a5 11. Kb2 a4 12. Bb5 axb3 13. cxb3 Ra5 14. Bxc6+ bxc6 15. Ra1 Qa8 16. Rhe1 Ra3 17. Rxe7+ Kxe7 18. Qe2+ Kd7 19. Nd4 Rb8 20. Qg4+ Ke8 21. Re1+ Kf8 22. Bh6 gxh6 23. Qf4 Raxb3+ 24. Nxb3 Rxb3+ 25. Kc2 Rb5 26. Qxh6+ Kg8 27. Qh4 Bb1+ 0-1

[Event "CZE-chT1E 1415"]
[Site "Czech Republic"]
[Date "2015.01.18"]
[Round "6.6"]
[White "Hladik, Josef"]
[Black "Kratochvil, Milan"]
[Result "1-0"]
[WhiteElo "2139"]
[BlackElo "2200"]
[PlyCount "55"]
[EventDate "2014.10.19"]
[EventType "team-tourn"]
[EventRounds "11"]
[EventCountry "CZE"]
[SourceTitle "EXT 2016"]
[Source "ChessBase"]
[SourceDate "2015.10.08"]
[SourceVersion "1"]
[SourceVersionDate "2015.10.08"]
[SourceQuality "1"]
[WhiteTeam "Brno Duras II"]
[BlackTeam "Brno Lokomotiva"]
[WhiteTeamCountry "CZE"]
[BlackTeamCountry "CZE"]

1. Nf3 d5 2. d4 Bf5 3. e3 c5 4. c3 Nc6 5. dxc5 a5 6. Bb5 Bxb1 7. Rxb1 e6 8. Qa4 Qc7 9. b4 Nf6 10. 0-0 Be7 11. Nd4 Rc8 12. a3 0-0 13. f3 e5 14. Nf5 e4 15. Bxc6 bxc6 16. Qxc6 exf3 17. Qxc7 Rxc7 18. gxf3 Rb8 19. Nxe7+ Rxe7 20. Bd2 Nd7 21. Rbc1 Ne5 22. Rc2 Nc4 23. Bc1 Re6 24. Re1 Kf8 25. Rce2 Ne5 26. Rf1 f5 27. Rd2 Rd8 28. e4 1-0

[Event "Pardubice op rap 25th"]
[Site "Pardubice"]
[Date "2014.07.16"]
[Round "3"]
[White "Kratochvil, Milan"]
[Black "Mudrak, Josef"]
[Result "0-1"]
[WhiteElo "2195"]
[BlackElo "2350"]
[PlyCount "78"]
[EventDate "2014.07.16"]
[EventType "swiss (rapid)"]
[EventRounds "9"]
[EventCountry "CZE"]
[SourceTitle "EXT 2015"]
[Source "ChessBase"]
[SourceDate "2014.11.20"]
[SourceVersion "1"]
[SourceVersionDate "2014.11.20"]
[SourceQuality "1"]

1. e4 d6 2. d4 Nf6 3. Nc3 e5 4. dxe5 dxe5 5. Bg5 Qxd1+ 6. Rxd1 c6 7. f4 h6 8. Bh4 exf4 9. e5 Nfd7 10. Nf3 g5 11. Bf2 Bg7 12. Ne4 0-0 13. Nd6 Nxe5 14. Nxe5 Bxe5 15. Nxc8 Rxc8 16. c3 Bf6 17. Bc4 Re8+ 18. Kf1 b5 19. Be2 a5 20. Bf3 b4 21. Bd4 Bxd4 22. Rxd4 bxc3 23. bxc3 Ra7 24. Kf2 Rb7 25. Rd2 a4 26. Rhd1 Kg7 27. Rd4 a3 28. Kf1 Rb2 29. Rd8 Re3 30. Rc1 Re5 31. c4 Rc5 32. Rc3 Ra5 33. Rcd3 Na6 34. Ra8 Rxa2 35. Rd7 Ra1+ 36. Ke2 a2 37. Raa7 Re1+ 38. Kd3 a1Q 39. Rxf7+ Kg8 0-1

[Event "Pardubice op rap 25th"]
[Site "Pardubice"]
[Date "2014.07.16"]
[Round "2"]
[White "Kratochvil, Milan"]
[Black "Potapov, Alexander1111"]
[Result "1/2-1/2"]
[WhiteElo "2195"]
[BlackElo "2399"]
[PlyCount "105"]
[EventDate "2014.07.16"]
[EventType "swiss (rapid)"]
[EventRounds "9"]
[EventCountry "CZE"]
[SourceTitle "EXT 2015"]
[Source "ChessBase"]
[SourceDate "2014.11.20"]
[SourceVersion "1"]
[SourceVersionDate "2014.11.20"]
[SourceQuality "1"]

1. e4 e5 2. Nf3 Nc6 3. Bc4 Nf6 4. d3 Be7 5. 0-0 0-0 6. c3 d5 7. exd5 Nxd5 8. Re1 Bg4 9. h3 Bh5 10. a4 Kh8 11. Nbd2 f5 12. Nf1 Nb6 13. Bb3 Bd6 14. Qe2 e4 15. dxe4 fxe4 16. Qxe4 Re8 17. Qf5 Bg6 18. Rxe8+ Qxe8 19. Qe6 Qf8 20. Be3 Re8 21. Qg4 Re4 22. Qg5 a6 23. Bxb6 cxb6 24. Rd1 Re2 25. Qd5 Bc5 26. Ne3 Rxb2 27. Rd2 Rxd2 28. Qxd2 Qd6 29. Qxd6 Bxd6 30. Ng5 Nd8 31. Nd5 h6 32. Nf3 Bf7 33. Nd4 Bc5 34. Kf1 Bg8 35. Ke2 Nc6 36. Kd3 Ne5+ 37. Ke4 Nd7 38. Bd1 Bh7+ 39. Ke3 Ne5 40. f4 Nc4+ 41. Ke2 Be4 42. Ne3 Nxe3 43. Kxe3 Bxg2 44. h4 Kg8 45. Kd3 Bd5 46. c4 Bg2 47. Bh5 Be7 48. Nf3 Bf1+ 49. Kd4 Bc5+ 50. Kd5 Kf8 51. Ne5 Ke7 52. Bf3 Bh3 53. Bd1 1/2-1/2

[Event "CZE-chT rap"]
[Site "Pardubice"]
[Date "2014.07.13"]
[Round "6.4"]
[White "Kratochvil, Milan"]
[Black "Novotny, Michal"]
[Result "0-1"]
[WhiteElo "2195"]
[BlackElo "2354"]
[PlyCount "92"]
[EventDate "2014.07.10"]
[EventType "team-swiss"]
[EventRounds "7"]
[EventCountry "CZE"]
[SourceTitle "CBM 161 Extra"]
[Source "ChessBase"]
[SourceDate "2014.08.29"]
[SourceVersion "1"]
[SourceVersionDate "2014.08.29"]
[SourceQuality "1"]

1. e4 e6 2. d3 d5 3. Nd2 Nf6 4. Ngf3 Be7 5. g3 b6 6. e5 Nfd7 7. Bg2 Bb7 8. 0-0 c5 9. c3 Nc6 10. d4 Qc7 11. a3 g5 12. h3 h5 13. g4 hxg4 14. hxg4 0-0-0 15. Re1 f5 16. Nf1 f4 17. b4 c4 18. a4 Rh6 19. Ba3 Nf8 20. N1d2 Ng6 21. Kf1 Rdh8 22. b5 Na5 23. Bxe7 Qxe7 24. Ke2 Kb8 25. Qc2 Bc8 26. Qb2 Nh4 27. Nxh4 Rxh4 28. Bf3 Bd7 29. Rg1 Be8 30. Qa3 Qxa3 31. Rxa3 Bg6 32. Ke1 Bd3 33. Ra2 Rh2 34. Nf1 R2h3 35. Nd2 Nb3 36. Bg2 Nxd2 37. Rxd2 Rh2 38. f3 Kb7 39. Kf2 Ra8 40. Ra2 a6 41. Rga1 axb5 42. axb5 Rxa2+ 43. Rxa2 Bg6 44. Rb2 Rh8 45. Ke2 Ra8 46. Bf1 Ra1 0-1

[Event "CZE-chT1E 1314"]
[Site "Czech Republic"]
[Date "2014.02.09"]
[Round "7.7"]
[White "Kratochvil, Milan"]
[Black "Pulpan, Jakub"]
[Result "1/2-1/2"]
[WhiteElo "2168"]
[BlackElo "2089"]
[PlyCount "83"]
[EventDate "2013.10.20"]
[EventType "team-tourn"]
[EventRounds "11"]
[EventCountry "CZE"]
[SourceTitle "EXT 2015"]
[Source "ChessBase"]
[SourceDate "2014.11.20"]
[SourceVersion "1"]
[SourceVersionDate "2014.11.20"]
[SourceQuality "1"]
[WhiteTeam "Brno Lokomotiva"]
[BlackTeam "Polabiny"]
[WhiteTeamCountry "CZE"]
[BlackTeamCountry "CZE"]

1. e4 c5 2. c3 d5 3. exd5 Qxd5 4. d4 Nc6 5. Nf3 Bf5 6. Be3 Nf6 7. c4 Qd8 8. Nc3 cxd4 9. Nxd4 Nxd4 10. Bxd4 Qa5 11. Be3 e6 12. c5 a6 13. a3 Nd5 14. b4 Nxc3 15. Qc1 Qc7 16. Qxc3 Be7 17. Qxg7 0-0-0 18. c6 f6 19. Qg3 Bd6 20. Qf3 Be5 21. Rc1 b5 22. Be2 h5 23. h3 Bb2 24. 0-0 Be5 25. Rfe1 Rdg8 26. a4 Bg4 27. Qe4 Bxh3 28. Bf3 Rxg2+ 29. Bxg2 Rg8 30. Kf1 Bxg2+ 31. Qxg2 Rxg2 32. Kxg2 bxa4 33. Red1 Qh7 34. c7 Bxc7 35. Bb6 Qe4+ 36. Kg1 Qg4+ 37. Kf1 Qh3+ 38. Ke2 Qg4+ 39. Kf1 Qh3+ 40. Ke2 Qg4+ 41. f3 Qg2+ 42. Ke1 1/2-1/2

[Event "CZE-chT1E 1314"]
[Site "Czech Republic"]
[Date "2014.01.26"]
[Round "6.7"]
[White "Bures, Vit"]
[Black "Kratochvil, Milan"]
[Result "0-1"]
[WhiteElo "2180"]
[BlackElo "2168"]
[PlyCount "106"]
[EventDate "2013.10.20"]
[EventType "team-tourn"]
[EventRounds "11"]
[EventCountry "CZE"]
[SourceTitle "EXT 2015"]
[Source "ChessBase"]
[SourceDate "2014.11.20"]
[SourceVersion "1"]
[SourceVersionDate "2014.11.20"]
[SourceQuality "1"]
[WhiteTeam "Brno Duras"]
[BlackTeam "Brno Lokomotiva"]
[WhiteTeamCountry "CZE"]
[BlackTeamCountry "CZE"]

1. e4 e5 2. Nf3 Nf6 3. Nxe5 d6 4. Nf3 Nxe4 5. d4 d5 6. Bd3 Nc6 7. 0-0 Be7 8. c4 Nb4 9. cxd5 Nxd3 10. Qxd3 Qxd5 11. Re1 Bf5 12. Nc3 Nxc3 13. Qxc3 Be6 14. Qxc7 Bd6 15. Qc2 0-0 16. Qe4 Qxe4 17. Rxe4 Rfc8 18. Bd2 b5 19. a3 a5 20. Ree1 b4 21. Rec1 Rxc1+ 22. Bxc1 Rc8 23. axb4 axb4 24. Bd2 h6 25. Rc1 Ra8 26. Ne5 b3 27. h3 Ra4 28. Bc3 Bf5 29. Ng4 Bf4 30. Re1 Rc4 31. Ne3 Rxc3 32. Nxf5 Rc2 33. g3 Bg5 34. Re8+ Kh7 35. Rb8 Rxb2 36. d5 Bf6 37. Ne3 Rb1+ 38. Kg2 b2 39. Nc4 Rd1 40. Rxb2 Bxb2 41. Nxb2 Rxd5 42. h4 Rd4 43. Kf3 Kg6 44. Ke3 Rb4 45. Nd3 Rb3 46. Ke2 Kf5 47. f3 Ra3 48. Nf2 g5 49. hxg5 hxg5 50. Nd3 Ke6 51. g4 Kd5 52. Nf2 Kd4 53. Ne4 Re3+ 0-1

[Event "CZE-chT2E 1314"]
[Site "Czech Republic"]
[Date "2014.01.05"]
[Round "5.4"]
[White "Mayer, Josef"]
[Black "Kratochvil, Milan"]
[Result "0-1"]
[WhiteElo "2063"]
[BlackElo "2168"]
[PlyCount "78"]
[EventDate "2013.11.03"]
[EventType "team-tourn"]
[EventRounds "11"]
[EventCountry "CZE"]
[SourceTitle "EXT 2016"]
[Source "ChessBase"]
[SourceDate "2015.10.08"]
[SourceVersion "1"]
[SourceVersionDate "2015.10.08"]
[SourceQuality "1"]
[WhiteTeam "Prusanky Podluzan"]
[BlackTeam "Brno Lokomotiva II"]
[WhiteTeamCountry "CZE"]
[BlackTeamCountry "CZE"]

1. c4 Nf6 2. Nc3 e5 3. Nf3 Nc6 4. g3 d5 5. cxd5 Nxd5 6. Bg2 Be6 7. 0-0 Be7 8. d4 exd4 9. Nxd4 Nxc3 10. bxc3 Nxd4 11. cxd4 c6 12. Rb1 Qd7 13. Qa4 0-0 14. d5 Bxd5 15. Bxd5 Qxd5 16. Rxb7 Bc5 17. e4 Qe6 18. Rc7 Rac8 19. Rxc8 Rxc8 20. Qc2 Bb6 21. Kg2 h5 22. h4 Rd8 23. Re1 Rd4 24. Re2 Rc4 25. Qb1 Rc3 26. Bb2 Qg4 27. Bxc3 Qxe2 28. Be1 c5 29. a4 c4 30. a5 Bd4 31. e5 c3 32. Qb8+ Kh7 33. Qc8 Qxe5 34. Kf1 Qe4 35. a6 Qd3+ 36. Kg2 c2 37. Qc6 Bb2 38. Qc5 c1Q 39. Qxh5+ Qh6 0-1

[Event "CZE-chT1E 1314"]
[Site "Czech Republic"]
[Date "2013.11.23"]
[Round "5.6"]
[White "Kulovana, Eva"]
[Black "Kratochvil, Milan"]
[Result "1-0"]
[WhiteElo "2263"]
[BlackElo "2168"]
[PlyCount "95"]
[EventDate "2013.10.20"]
[EventType "team-tourn"]
[EventRounds "11"]
[EventCountry "CZE"]
[SourceTitle "EXT 2015"]
[Source "ChessBase"]
[SourceDate "2014.11.20"]
[SourceVersion "1"]
[SourceVersionDate "2014.11.20"]
[SourceQuality "1"]
[WhiteTeam "Dalesice Pivovar"]
[BlackTeam "Brno Lokomotiva"]
[WhiteTeamCountry "CZE"]
[BlackTeamCountry "CZE"]

1. e4 e5 2. Nf3 Nf6 3. Nxe5 d6 4. Nf3 Nxe4 5. Nc3 Nxc3 6. dxc3 Be7 7. Be3 Nc6 8. Qd2 Be6 9. 0-0-0 Qd7 10. Kb1 Bf6 11. h3 h5 12. Ng5 Bxg5 13. Bxg5 f6 14. Be3 0-0-0 15. Be2 Qf7 16. b3 a6 17. f4 d5 18. g4 hxg4 19. hxg4 Qd7 20. f5 Rxh1 21. Rxh1 Bg8 22. Bf4 Re8 23. Rd1 Ne5 24. Qd4 Nc6 25. Qf2 Kb8 26. c4 d4 27. Bf3 Rd8 28. c3 d3 29. Be4 g5 30. Bg3 d2 31. Kc2 Qe8 32. Bg2 Ne5 33. Qe2 Bxc4 34. bxc4 Qa4+ 35. Kb1 Nxc4 36. Ka1 Qa3 37. Bxc7+ Kxc7 38. Qxc4+ Kb8 39. Kb1 Rc8 40. Qb4 Qxb4+ 41. cxb4 Rc4 42. Bf3 Rxb4+ 43. Kc2 Ra4 44. Kb3 Rd4 45. Be2 Kc7 46. Kc3 Re4 47. Rxd2 b5 48. Bd1 1-0

[Event "CZE-chT1E 1314"]
[Site "Czech Republic"]
[Date "2013.10.20"]
[Round "1.7"]
[White "Kratochvil, Milan"]
[Black "Olsarova, Tereza"]
[Result "1/2-1/2"]
[WhiteElo "2168"]
[BlackElo "2245"]
[PlyCount "81"]
[EventDate "2013.10.20"]
[EventType "team-tourn"]
[EventRounds "11"]
[EventCountry "CZE"]
[SourceTitle "EXT 2014"]
[Source "ChessBase"]
[SourceDate "2013.11.20"]
[SourceVersion "1"]
[SourceVersionDate "2013.11.20"]
[SourceQuality "1"]
[WhiteTeam "Brno Lokomotiva"]
[BlackTeam "Orlova Slavia"]
[WhiteTeamCountry "CZE"]
[BlackTeamCountry "CZE"]

1. e4 e5 2. Nf3 Nc6 3. Bc4 Bc5 4. c3 Nf6 5. d4 exd4 6. e5 d5 7. Bb5 Ne4 8. cxd4 Bb6 9. Qc2 0-0 10. Bxc6 bxc6 11. Qxc6 Bg4 12. Be3 Ba5+ 13. Nbd2 Bxf3 14. gxf3 Bxd2+ 15. Bxd2 Nxd2 16. Kxd2 Rb8 17. b3 Rb6 18. Qc3 f6 19. e6 Rxe6 20. Rhe1 Rfe8 21. Rxe6 Rxe6 22. Re1 Rxe1 23. Kxe1 Qd6 24. Qa5 a6 25. Kf1 h5 26. Kg2 g5 27. h3 Kf7 28. Qc3 Kg6 29. Qe3 Kf7 30. Qd3 Kg7 31. Qf5 c5 32. dxc5 Qxc5 33. Qd7+ Kg6 34. Qe8+ Kg7 35. Qxh5 d4 36. Qe8 Qd6 37. Kf1 d3 38. Ke1 Qb4+ 39. Kd1 Qc3 40. Qe7+ Kg8 41. Qe8+ 1/2-1/2